000 00583nam a2200217Ia 4500
003 OSt
005 20220923230846.0
006 a|||||r|||| 00| 0
007 ta
008 Pun
024 _a306,119
037 _cTextual
040 _aARTS
_cARTS
_bPun
041 _2Pun
_aPun
082 _aO28,6M83x, 153N0
100 _aਜਿਬਰਾਨ, ॥ਲੀਲ
245 0 _aਘਾਟੀ ਦੀਆਂ ਪਰੀਆਂ ਅਤੇ ਆਵਾਰਾ
260 _c1990
942 _hO28,6M83x, 153N0
_cTEXL
_2CC
999 _c387906
_d387906